Sistemas juridicos y conflictos normativos

Detalles Bibliográficos
Autor principal: Ruiz Sanz, Mario
Formato: Desconocido
Lenguaje:español
Publicado: Madrid : Dykinson, 2004
Materias:
Acceso en línea:Acceso restringido

MARC

LEADER 00000ny a22000003n 4500
005 20110628104315.0
006 m u
007 cr cn|||||||||
008 200508r2004 sp |||||s|||||||||||spa d
020 |a 9788481559064 
035 |a 189 
040 |a FlNmELB  |c FlNmELB  |d vLex 
050 |a KKT2915  |b R934 2002eb 
080 |a 340.13 
090 |c 1149  |d 1149 
100 1 |a Ruiz Sanz, Mario 
245 1 0 |a Sistemas juridicos y conflictos normativos  |h [Recurso electrn̤ico]  |c Mario Ruiz Sanz 
256 |a Servicio en ln̕ea 
260 |a Madrid :  |b Dykinson,  |c 2004 
300 |a [7]-147 p 
506 1 |a Contenido solo disponible en los productos indicados  |d vLex Global  |d vLex Global (Academic Edition, excluding Law Schools)  |d vLex Global (U.S. Academic Edition, Law Schools)  |d vLex Global (U.S. Academic Edition, excluding Law Schools)  |d vLex Global (Academic Edition, Law Schools) 
650 0 7 |a Filosofa̕ del derecho  |2 Tesauro vLex 
650 0 7 |a Ciencia del Derecho  |2 Tesauro vLex 
740 0 |a vLex Libros (Servicios en ln̕ea) 
856 4 0 |u http://vlex.com/source/189  |z Acceso restringido 
942 |c BOOK